00532nam a2200193Ia 4500008004100000041001200041082001200053100004800065245004200113260003500155300000800190365000800198520001200206546001200218630004200230650001200272655001200284730004200296101110s9999 xx 000 0 und d aENGLISH bSR33498 aBhole K.G., Shroff Adarsh & Ranade Abhay J. aA new Course in physics Vol. II SYBSc c2009bSheth publishers, Mumbai a115 b115 aPhysics aENGLISH aA new Course in physics Vol. II SYBSc aPhysics aPhysics aA new Course in physics Vol. II SYBSc